Supergravity (Record no. 6810)

MARC details
000 -LEADER
fixed length control field 00740nam a2200205Ia 4500
003 - CONTROL NUMBER IDENTIFIER
control field IN-BaIIA
008 - FIXED-LENGTH DATA ELEMENTS--GENERAL INFORMATION
fixed length control field 211028s9999 xx 000 0 eng d
020 ## - INTERNATIONAL STANDARD BOOK NUMBER
International Standard Book Number 0-444-85438-X
040 ## - CATALOGING SOURCE
Transcribing agency IIA Library
080 ## - UNIVERSAL DECIMAL CLASSIFICATION NUMBER
Universal Decimal Classification number 531.51(082.1)
Item number SUP
111 ## - MAIN ENTRY--MEETING NAME
Meeting name or jurisdiction name as entry element Workshop on Supergravity
Location of meeting Stony Brook, US
Date of meeting or treaty signing 1979 Sep. 27-29
9 (RLIN) 11664
245 #0 - TITLE STATEMENT
Title Supergravity
Remainder of title proceedings of workshop on supergravity, held in Stony Brook, US, 27-29 Sep 1979
Statement of responsibility, etc. edited by P. Van Nieuwenhuizen and D. Z. Freedman
260 ## - PUBLICATION, DISTRIBUTION, ETC.
Place of publication, distribution, etc. Amsterdam
Name of publisher, distributor, etc. North-Holland
Date of publication, distribution, etc. 1979
300 ## - PHYSICAL DESCRIPTION
Extent [various pagings.]
650 ## - SUBJECT ADDED ENTRY--TOPICAL TERM
Topical term or geographic name entry element Astronomy and Astrophysics thesaurus
650 ## - SUBJECT ADDED ENTRY--TOPICAL TERM
Topical term or geographic name entry element Gravitation
700 ## - ADDED ENTRY--PERSONAL NAME
Personal name Freedman, D. Z., ed.
9 (RLIN) 11665
700 ## - ADDED ENTRY--PERSONAL NAME
Personal name Van Nieuwenhuizen, P., ed.
9 (RLIN) 11666
942 ## - ADDED ENTRY ELEMENTS (KOHA)
Koha item type Books
Holdings
Withdrawn status Lost status Damaged status Not for loan Home library Current library Shelving location Date acquired Total Checkouts Full call number Barcode Date last seen Price effective from Koha item type
        IIA Library-Bangalore IIA Library-Bangalore General Stacks 21/07/1981   531.51(082.1)/ SUP 7572 05/11/2021 21/07/1981 Books

Powered by Koha